Bad Dad Jokes! III Quiz Stats

 Plays Quiz Updated Dec 8, 2017

Also try: Bad Dad Jokes! II
Challenge
Share
Tweet
Embed
Score 0/18 Timer 04:00
11 Plays Today
% Correct
'You're a taxi'
96.5%
An impasta
96.1%
Because they're shellfish
95.8%
They each got six months
95.7%
Go for the juggler
95.4%
Go back four seconds
95.1%
Because he was outstanding in his field
94.8%
Nah, I shouldn't spread it
94.6%
It would be soda pressing
94.4%
% Correct
And a lifetime ban from the zoo
94.3%
The second time was just a letdown
93.9%
I had a hand in it
93.5%
But I couldn't find any
93.3%
Lots of de brie
93.2%
It's just something I could really see myself doing
93.1%
A pool table
92.2%
But they fell through
91.9%
I don't know why
91.1%

You're not logged in!

Compare scores with friends on all Sporcle quizzes.
Join for Free
OR
Log In

You Might Also Like...

Show Comments

Extras

Top Quizzes Today


Score Distribution

Your Account Isn't Verified!

In order to create a playlist on Sporcle, you need to verify the email address you used during registration. Go to your Sporcle Settings to finish the process.

Report this User

Report this user for behavior that violates our Community Guidelines.

Details: